| 000 | 00649nam a22001937a 4500 | ||
|---|---|---|---|
| 003 | OSt | ||
| 005 | 20251127170125.0 | ||
| 008 | 251127b |||||||| |||| 00| 0 eng d | ||
| 020 | _a971-0489-20-6. | ||
| 040 |
_aDWCL-Main lib _cOC |
||
| 082 | _22008 ed. | ||
| 100 | _aPunzalan, Angelito R. | ||
| 245 |
_aProcedural and comprehensive approach in government accounting for accounting students and CPA examinees 2008 ed. _cPunzalan, Angelito R. |
||
| 260 |
_aManila : _bGIC Enterprises & Co., Inc., _cc2008. |
||
| 300 |
_a320 pages ; _c23 cm. |
||
| 650 | _21. Accounting. | ||
| 700 | _aCardona, Milagros M. | ||
| 942 |
_2ddc _cBK - FIL _e2008 ed. _kFil. _n0 |
||
| 999 |
_c6528 _d6528 |
||